U.S. States Smaller Than Their Neighbors - Statistics

General Stats
  • This quiz has been taken 38 times
  • The average score is 6 of 9
Answer Stats
State % Correct
Rhode Island
100%
Delaware
87%
Louisiana
61%
Utah
61%
Washington
61%
Indiana
58%
South Carolina
58%
North Dakota
39%
Wisconsin
32%
No matching quizzes found
Score Distribution
Percent of People with Each Score
Percentile by Number Answered
Your Score History
You have not taken this quiz